1022 1061 1235 1170 1667 1927 1046 1415 1781 1207 1703 1026 1985 1633 1335 1636 1556 1427 1601 1289 1642 1864 1944 1962 1384 1739 1114 1869 1839 1889 1065 1532 1223 1413 1556 1090 1919 1887 1232 1587 1017 1705 1090 1230 1073 1102 1645 1760 1592 1691 1875 1345 1736 1656 1079 1586 1568 1228 1864 1586 1579 1076 1322 1091 1008 1062 1564 1678 1640 1268 1576 1817 1144 1801 1505 1946 1075 1307 1858 1312 1180 1750 1783 1044 1761 1142 1167 1481 1004 1320 1669 1593 1286 1142 1298 1010 1831 1222 1187 BCNSPRNW ULIB Ver.6.0+V

เปลี่ยนเป็นภาษาไทย

Change to English
 แสดงรายละเอียดบรรณานุกรม
  กลับหน้าหลัก

Brief Record : Get Marc (ISO 2709) : E-mail record : QR code < ปิดหน้าต่าง
LEADER : 00000nam 2200000uu 4500
001    13399109201
003     ULIB
008    110324s2552||||th 000 0 tha d
020    9786161102593
041 0  thaeng
060 04 WA525.JT3^bค961ก 2552
245 00 ก้าวแรก =^bFirst step /^cโครงการประเมินเทคโนโลยีและนโยบายด้านสุขภาพ กระทรวงสาธารณสุข
246 31 First step
260    กรุงเทพฯ :^bกระทรวงสาธารณสุข,^c2552
300    56, 52 หน้า :^bภาพประกอบ ;^c19 ซม.
546    เนื้อหาเป็นภาษาไทยและภาษาอังกฤษ
610 27 Thailand. ^bMinistry of Public Health. ^bHealthIntervention and Technology Assessment Program
650  7 การส่งเสริมสุขภาพ
650  7 นโยบายด้านสุขภาพ
650  7 นโยบายด้านสุขภาพ^xการประเมิน
650  7 สุขภาพ^xนโยบายของรัฐ
650  7 การประเมินผล
710 2  กระทรวงสาธารณสุข.^bโครงการประเมินเทคโนโลยีและนโยบายด้านสุขภาพ
945    ^p0^l0^i027371
945    ^p0^l0^i027370
995    ทศพร
999 ^a ใช้งานได้ทุกระบบ
รายการนี้ยังไม่มีแท็ก
คุณยังไม่ได้ล็อกอิน คุณสามารถมีกิจกรรมร่วมกับเว็บไซต์ได้ แต่ต้องล็อกอินก่อน ::
  ล็อกอิน

รายการสื่อสารสนเทศ

ลำดับที่ ประเภท เลขเรียก/บาร์โค้ด สถานที่ สถานะ
1. วิทยาศาสตร์การแพทย์ และสุขภาพ
หนังสือสำรอง
สถานะ=หนังสือสำรอง
WA525.JT3 ค961ก 2552 ฉ.1 
  Barcode: 027370
ห้องสมุดวิทยาเขตสวรรค์ประชารักษ์
►ส่วนจัดเก็บหนังสือเก่า สปร
บนชั้น
  ขอยืม
2. วิทยาศาสตร์การแพทย์ และสุขภาพ
วิทยาศาสตร์การแพทย์ และสุขภาพ
WA525.JT3 ค961ก 2552 ฉ.2 
  Barcode: 027371
ห้องสมุดวิทยาเขตสวรรค์ประชารักษ์
►ส่วนจัดเก็บหนังสือเก่า สปร
บนชั้น
  ขอยืม

รายการใกล้เคียง
    หัวเรื่อง [การส่งเสริมสุขภาพ]
    หัวเรื่อง [นโยบายด้านสุขภาพ]
    หัวเรื่อง [นโยบายด้านสุขภาพ การประเมิน]
    หัวเรื่อง [การประเมินผล]

BibComment


ยังไม่เคยถูกคอมเมนท์

คอมเมนท์ทรัพยากรรายการนี้
  คอมเมนท์: ก้าวแรก First st..


 Copyright 2026. Bcnsprnw @Library